000 00679nam a2200217Ia 4500
001 7953
003 GE_BSU
008 181216s||||||||xx |||||||||||||| ||und||
040 _cGE_BSU
080 _a539.2
100 _aКаллуей,Дж.
245 _aТеория энергетической зонной структуры=ENERGY BAND THEORY.
245 _cРед.В.В.Рабин.
250 _aПеревод с английского В.П.Широковского.
260 _aМ.
260 _bМир.
260 _c1969.
300 _a358 стр. 21 см.
653 _aТеория энергетической зонной структуры.
942 _cBK
999 _c41296
_d41296